| 000 | 01708nam a2200325 i 4500 | ||
|---|---|---|---|
| 003 | DO-SdBNP | ||
| 005 | 20240510083723.0 | ||
| 006 | a||||br|||| 00| 0 | ||
| 007 | ta | ||
| 008 | 240509t1994 dr aad|| |||| 00| 0 spa d | ||
| 040 |
_aDO-SdBNP _bspa _cBNPHU _erda |
||
| 082 | 4 |
_222 _bM85m 1994 |
|
| 100 | 1 |
_aMorillo, Ana Celia, _eautora _985429 |
|
| 245 | 1 | 0 |
_aMatemática y ciencias naturales 4º: _blibro de texto / _cAna Celia Morillo, Manuel Valdez, Ana Mercedes Henríquez |
| 246 |
_aMatemática y ciencias naturales cuatro: _blibro de texto. |
||
| 264 | 4 |
_a[Santo Domingo] : _bPrograma de Mejoramiento de la Educación Básica, _c©1994 |
|
| 300 |
_a156 páginas : _bilustraciones, gráficas ; _c26 cm. |
||
| 336 |
_2rdacontent _atexto _btxt |
||
| 337 |
_2rdamedia _asin mediación _bn |
||
| 338 |
_2rdacarrier _avolumen _bnc |
||
| 501 | _aCon: Matemática, páginas 1 - 82 / Ana Celia Morillo. Con: Ciencias Naturales, páginas [83] - 156 / Manuel Valdez y Ana Mercedes Henríquez. | ||
| 505 |
_aMatemática / _rAna Celia Morillo. |
||
| 505 |
_aCiencias Naturales / _rManuel Valdez, Ana Mercedes Henríquez. _gUnidad 1: _tLos Recursos Naturales y la Comunidad.-- _gUnidad 2: _tEl Suelo: Recursos naturales de Usos Múltiples.-- _gUnidad 4: _tComo se Nutren las Plantas y los Animale.-- _gUnidad 5: _tPropiedades de la Materia.-- _gUnidad 6: _tCambios que Experimenta la Materia en la Naturaleza. |
||
| 590 | _aInventariado 2024 / MF | ||
| 650 | 4 |
_aCiencias Naturales _vLibro de texto _984058 |
|
| 650 | 4 |
_aMatemáticas _vLibros textos _985430 |
|
| 700 | 1 |
_aValdez, Manuel _946323 _eautor _tCiencias Naturales 4º |
|
| 700 | 1 |
_aHenríquez, Ana Mercedes _eautora _tCiencias Naturales 4º _985432 |
|
| 942 |
_2ddc _cLBS1 |
||
| 999 |
_c56624 _d56624 |
||